000 00778cam a2200241 4500
001 ABS62014
008 000000n2000 000 0 eng u
035 _a(Sirsi) u104758
100 _aWinter, J.
245 _aSo who benefits from float in the contract?
260 _c2000
490 _aConstruction News
_v6656 9 March 2000, 39(1)
520 _aExplains the precedent set by a court judgment in a dispute over construction delays and float.
590 _aABS
650 _aBUILT ENVIRONMENT-BUILDING CONTRACT FORMS
650 _aCONTRACTUAL CLAIMS
650 _aDELAYS
650 _aOVERRUN
650 _aFLOAT
650 _aASCON CONTRACTING V ALFRED MCALPINE CONSTRUCTION (ISLE OF MAN)
690 _aBUILT ENVIRONMENT-BUILDING CONTRACT FORMS
942 _n0
999 _c62848
_d62848